Calendarium et Ordo Divini officcii Missionariis Congregationis filiorum Immaculati Cordis Beatae Mariae Virgini 1974. (Record no. 38321)

MARC details
000 -LEADER
campo de control de longitud fija 00448nam a2200145 i 4500
001 - NÚMERO DE CONTROL
campo de control 38321
003 - IDENTIFICADOR DE NÚMERO DE CONTROL
campo de control ES-MaACL
005 - FECHA Y HORA DE LA ÚLTIMA TRANSACCIÓN
campo de control 20230906155733.0
007 - CAMPO FIJO DE DESCRIPCIÓN FÍSICA--INFORMACIÓN GENERAL
campo de control de longitud fija t|
008 - DATOS DE LONGITUD FIJA--INFORMACIÓN GENERAL
campo de control de longitud fija 030225s1973 sp ||||1| lat d
245 00 - MENCIÓN DEL TÍTULO
Título Calendarium et Ordo Divini officcii Missionariis Congregationis filiorum Immaculati Cordis Beatae Mariae Virgini 1974.
260 ## - PUBLICACIÓN, DISTRIBUCIÓN, ETC.
Lugar de publicación, distribución, etc. Matriti :
Nombre del editor, distribuidor, etc. Coculsa,
Fecha de publicación, distribución, etc. 1973.
300 ## - DESCRIPCIÓN FÍSICA
Extensión 91 p. ;
Dimensiones 17 cm.
852 ## - LOCALIZACIÓN
Ubicación ES-MaACL
Número de control de estantería C-56214
Sublocalización o colección R.88874
Holdings
Estatus retirado Estado de pérdida Estado de daño No para préstamo Biblioteca de origen Biblioteca actual Ubicación en estantería Fecha de adquisición Fuente de adquisición Total de préstamos Signatura topográfica completa Código de barras Visto por última vez Precio de reemplazo Tipo de ítem Koha
        Biblioteca del Ateneo de Madrid Biblioteca del Ateneo de Madrid Depósito 2 17/01/2008     C-56214 1040346 23/02/2023 23/02/2023 Libro impreso